[Event "5ème Open de St Chély d'Aubrac"]
[Site "St-Chély d'Aubrac"]
[Date "2005.07.13"]
[Round "6.24"]
[White "Missinger, Karl"]
[Black "Lagunes, Robin"]
[Result "0-1"]
[WhiteElo "1099"]
[BlackElo "1560"]
[PlyCount "72"]

1. d4 d5 2. Nf3 Nf6 3. e3 Bf5 4. Nc3 e6 5. Be2 Bb4 6. Bd2 Nbd7 7. O-O O-O 8. a3
Bd6 9. Bb5 c6 10. Be2 Qc7 11. Bc1 Ne4 12. Qd3 Nxf2 13. Qd2 Ne4 14. Qd3 Ng3 15.
Qd2 Nxf1 16. Kxf1 Bxh2 17. Nxh2 Qxh2 18. Bd3 Bxd3+ 19. Qxd3 Nf6 20. e4 Ng4 21.
Qf3 f5 22. exd5 exd5 23. Qh3 Qxh3 24. gxh3 Nf6 25. Bg5 Ne4 26. Nxe4 fxe4+ 27.
Ke2 Rf3 28. h4 Raf8 29. Kd2 a5 30. Re1 Rf2+ 31. Re2 Rxe2+ 32. Kxe2 a4 33. b3 b5
34. Kd2 Rf3 35. bxa4 Rxa3 36. axb5 cxb5 0-1

[Event "5ème Open de St Chély d'Aubrac"]
[Site "St-Chély d'Aubrac"]
[Date "2005.07.13"]
[Round "6.25"]
[White "Cremers, Bertrand"]
[Black "Mathieu, Paul"]
[Result "0-1"]
[WhiteElo "1510"]
[BlackElo "1860"]
[PlyCount "134"]

1. e4 Nc6 2. Nf3 e6 3. d4 d5 4. Nc3 Bb4 5. a3 Bxc3+ 6. bxc3 dxe4 7. Ng5 Nf6 8.
Qe2 Qd5 9. c4 Qxd4 10. Rb1 Qc3+ 11. Kd1 Nd4 12. Qd2 Qxd2+ 13. Bxd2 O-O 14. c3
Nc6 15. Be2 e5 16. h4 h6 17. Nh3 b6 18. Kc2 Be6 19. Rbg1 Kh7 20. g4 Ng8 21. g5
Bf5 22. Be3 f6 23. gxh6 g6 24. Rg2 Bxh3 25. Rxh3 Nxh6 26. Rh1 Nf5 27. Bc1 Rg8
28. h5 g5 29. Bg4 Nh6 30. Bd7 Ne7 31. Be6 Rg7 32. Rd1 Nef5 33. Bd5 Rd8 34. Bxe4
Rxd1 35. Kxd1 Rd7+ 36. Kc2 Kg7 37. a4 c5 38. Ba3 Nd6 39. Bd3 e4 40. Be2 Nhf7
41. f4 exf3 42. Bxf3 Nxc4 43. Bc1 Kh6 44. Bg4 Re7 45. Rf2 Kg7 46. Kb3 Na5+ 47.
Kc2 Re4 48. Bd7 Ne5 49. Bb5 Nf7 50. Rd2 Re7 51. Bb2 Ne5 52. Re2 Rc7 53. Rh2 Kh6
54. Be2 Nac4 55. Bc1 Rd7 56. Rh4 Nd2 57. Rh2 Ndc4 58. Rh4 f5 59. Rh1 f4 60. Kb3
Nd2+ 61. Kc2 Ndf3 62. c4 Nd4+ 63. Kd1 Nxe2+ 64. Kxe2 Nxc4 65. Kf3 Nd2+ 66. Kg4
Ne4 67. Kf5 Ng3+ 0-1

[Event "5ème Open de St Chély d'Aubrac"]
[Site "St-Chély d'Aubrac"]
[Date "2005.07.13"]
[Round "6.26"]
[White "Desboeufs, Claude"]
[Black "Wavresky, Andre"]
[Result "0-1"]
[WhiteElo "1599"]
[BlackElo "1570"]
[PlyCount "98"]

1. c4 Nf6 2. d4 c5 3. Nf3 g6 4. Nc3 cxd4 5. Nxd4 Bg7 6. Bf4 d6 7. Nf3 O-O 8. e4
Nc6 9. h3 Qa5 10. Qd2 Nd7 11. Be2 Bxc3 12. bxc3 Nf6 13. Bd3 Qd8 14. g4 b6 15.
Nh4 Bb7 16. f3 Nd7 17. Bh6 Re8 18. Ng2 Nce5 19. Be2 Rc8 20. Qd4 Rxc4 21. Qd2
Rc7 22. h4 Nc5 23. Kf2 Qd7 24. h5 Nxg4+ 25. fxg4 Nxe4+ 26. Ke3 Nxd2 27. Kxd2
Bxg2 28. Rh2 Bb7 29. hxg6 fxg6 30. Rf1 Bd5 31. Rhf2 Rcc8 32. Ba6 Rb8 33. c4 Be6
34. Bb5 Qc8 35. Bxe8 Qxe8 36. Rf8+ Qxf8 37. Bxf8 Rxf8 38. Re1 Bxg4 39. Rxe7 Rf7
40. Re4 Bf5 41. Rd4 Kg7 42. Rxd6 Rd7 43. Rxd7+ Bxd7 44. Kd3 Kf6 45. Kd4 Ke6 46.
c5 bxc5+ 47. Kxc5 a5 48. Kd4 Kf5 49. Kc4 a4 0-1

[Event "5ème Open de St Chély d'Aubrac"]
[Site "St-Chély d'Aubrac"]
[Date "2005.07.13"]
[Round "6.27"]
[White "Karsenty, Madeleine"]
[Black "Carabetta, Gaetan"]
[Result "1-0"]
[WhiteElo "1380"]
[BlackElo "1480"]
[PlyCount "118"]

1. d4 Nf6 2. Nf3 g6 3. Bg5 Bg7 4. Nbd2 d5 5. e3 Bg4 6. c4 e6 7. Qb3 b6 8. Ne5
Bf5 9. Qa4+ c6 10. Nxc6 Qd7 11. Bxf6 Bxf6 12. cxd5 exd5 13. Bb5 a6 14. Nxb8
Qxb5 15. Qxb5+ axb5 16. Nc6 O-O 17. Nb4 Rad8 18. O-O Rfe8 19. Rac1 Bg7 20. Nf3
Bc8 21. Rc7 Bf8 22. Nc6 Rd6 23. Rc1 Rd7 24. Rxd7 Bxd7 25. Nfe5 Bxc6 26. Rxc6
Ra8 27. a3 b4 28. g3 bxa3 29. bxa3 b5 30. Rb6 Rxa3 31. Rxb5 Ra6 32. Rxd5 Rd6
33. Rxd6 Bxd6 34. Nc4 Bc7 35. Kg2 Kg7 36. f3 Kf6 37. e4 Kg5 38. h3 Kf6 39. d5
Ke7 40. f4 Kd7 41. Ne5+ Ke8 42. Nc4 Kd7 43. Kf3 Bb8 44. e5 Ba7 45. Na5 Bd4 46.
Nc6 Ba1 47. g4 Bb2 48. Ke4 Bc1 49. Nd4 h6 50. Nf3 Ke7 51. f5 g5 52. Nd4 f6 53.
Nc6+ Kf7 54. e6+ Kf8 55. Kd3 Bf4 56. Kc4 Bd6 57. Kb5 Be7 58. Kb6 Ke8 59. Nxe7
Kxe7 1-0

[Event "5ème Open de St Chély d'Aubrac"]
[Site "St-Chély d'Aubrac"]
[Date "2005.07.13"]
[Round "6.28"]
[White "Capron, Michel"]
[Black "Ruetsch, Johan"]
[Result "0-1"]
[WhiteElo "1400"]
[BlackElo "1270"]
[PlyCount "72"]

1. e4 e5 2. Nf3 Nc6 3. Bc4 Bc5 4. d3 h6 5. Be3 Bb6 6. Nc3 Nf6 7. O-O O-O 8. d4
d6 9. h3 Nxe4 10. Bxf7+ Rxf7 11. Nxe4 d5 12. Nc5 Bxc5 13. dxc5 e4 14. Nd4 Nxd4
15. Bxd4 Qg5 16. g4 Rf3 17. Be3 Qh4 18. Qxd5+ Kh8 19. Qh5 Qxh5 20. gxh5 Rxh3
21. b4 Rxh5 22. Bf4 c6 23. Rad1 Bg4 24. f3 Bxf3 25. Rd7 Rh4 26. Be3 Rg4+ 27.
Kh2 Rf8 28. c3 Rf5 29. Rxf3 Rxf3 30. Bd4 e3 31. b5 e2 32. c4 e1=Q 33. Rd8+ Kh7
34. Rh8+ Kxh8 35. Bxg7+ Rxg7 36. bxc6 Qg1# 0-1

[Event "5ème Open de St Chély d'Aubrac"]
[Site "St-Chély d'Aubrac"]
[Date "2005.07.13"]
[Round "6.29"]
[White "Corbet, Philippe"]
[Black "Jaafar, Nacer"]
[Result "0-1"]
[WhiteElo "1350"]
[BlackElo "1280"]
[PlyCount "92"]

1. e4 e5 2. Bc4 Nf6 3. Nc3 Nxe4 4. Bxf7+ Kxf7 5. Nxe4 d5 6. Qh5+ Ke7 7. Qxe5+
Be6 8. d4 Kd7 9. Bg5 Qc8 10. Nc5+ Kc6 11. Qxe6+ Qxe6+ 12. Nxe6 Bd6 13. Nf3 Re8
14. O-O Rxe6 15. Rfe1 Rg6 16. Be7 Bf4 17. g3 Bd6 18. b3 Na6 19. Rac1 Nb4 20.
Bxd6 Kxd6 21. c3 Nd3 22. Ne5 Nxc1 23. Nxg6 Nxa2 24. Nf4 Nxc3 25. Re6+ Kd7 26.
Re5 Re8 27. Rxe8 Kxe8 28. Kf1 b6 29. b4 a5 30. bxa5 bxa5 31. Ke1 a4 32. Kd2
Ne4+ 33. Kc2 Ke7 34. Nxd5+ Kd6 35. Nb4 Nxf2 36. Kb2 Ng4 37. h4 Nh6 38. h5 Nf5
39. g4 Nxd4 40. Ka3 c5 41. Na2 Nc2+ 42. Kxa4 Nb4 43. Nxb4 cxb4 44. Kxb4 Ke5 45.
g5 Kf5 46. h6 g6 0-1

[Event "5ème Open de St Chély d'Aubrac"]
[Site "St-Chély d'Aubrac"]
[Date "2005.07.14"]
[Round "7.1"]
[White "Coste, Thierry"]
[Black "Ivanov, Mikhail M"]
[Result "1-0"]
[WhiteElo "2200"]
[BlackElo "2462"]
[PlyCount "65"]

1. e4 c5 2. Nf3 a6 3. Nc3 b5 4. d4 e6 5. Bg5 Qc7 6. Qd2 cxd4 7. Nxd4 Bb4 8. a4
bxa4 9. Rxa4 Bxc3 10. bxc3 Bb7 11. Bd3 Nf6 12. O-O Nc6 13. f4 Nxd4 14. Rxd4 a5
15. Rb1 Bc6 16. Kh1 h6 17. Bh4 a4 18. e5 Ng8 19. f5 exf5 20. Bxf5 a3 21. Rd1 g5
22. Bxd7+ Kf8 23. Bg3 a2 24. e6 Qb7 25. Bxc6 Qxc6 26. Rd8+ Rxd8 27. Qxd8+ Kg7
28. exf7 Kxf7 29. Be5 Rh7 30. Rf1+ Ke6 31. Qxg8+ Kxe5 32. Qxh7 Qf6 33. Qc7+ 1-0

[Event "5ème Open de St Chély d'Aubrac"]
[Site "St-Chély d'Aubrac"]
[Date "2005.07.14"]
[Round "7.2"]
[White "Karpatchev, Alexandr"]
[Black "Boudre, Jean-Pierre"]
[Result "1/2-1/2"]
[WhiteElo "2487"]
[BlackElo "2359"]
[PlyCount "87"]

1. e4 e5 2. Nf3 Nc6 3. Bc4 Nf6 4. d4 exd4 5. e5 Ng4 6. O-O d6 7. exd6 Bxd6 8.
Re1+ Kf8 9. h3 Nge5 10. Nbd2 Qf6 11. Bd5 Nxf3+ 12. Nxf3 h6 13. Bxc6 bxc6 14.
Nxd4 Bd7 15. Be3 Kg8 16. c4 Qg6 17. Qf3 Kh7 18. Nb3 Rhe8 19. Bc5 Bf5 20. Bxd6
cxd6 21. Nd4 Bd3 22. Rad1 Bc2 23. Rc1 Bd3 24. Rcd1 Bc2 25. Nxc2 Qxc2 26. b3
Qxa2 27. Qxc6 Qxb3 28. Rb1 Qd3 29. Red1 Qg6 30. Rb7 Rac8 31. Qf3 Kg8 32. g3 Re6
33. Ra1 Qf6 34. Qxf6 Rxf6 35. Ra4 Re8 36. Ra2 Re1+ 37. Kg2 Rc1 38. Rc7 g5 39.
g4 Rf4 40. Rd2 Rcxc4 41. Rxc4 Rxc4 42. Rxd6 Kg7 43. Ra6 Rc7 44. Kg3 1/2-1/2

[Event "5ème Open de St Chély d'Aubrac"]
[Site "St-Chély d'Aubrac"]
[Date "2005.07.14"]
[Round "7.3"]
[White "Riff, Jean-Noel"]
[Black "Lagunes, Jean-Renaud"]
[Result "1-0"]
[WhiteElo "2416"]
[BlackElo "2131"]
[PlyCount "61"]

1. e4 d5 2. exd5 Qxd5 3. Nc3 Qa5 4. d4 Nf6 5. Bc4 Bg4 6. f3 Bf5 7. Nge2 Nc6 8.
Bd2 Nb4 9. Rc1 Qb6 10. a3 Na6 11. Bb5+ Bd7 12. Bxd7+ Nxd7 13. Nd5 Qc6 14. c4 e6
15. Ne3 e5 16. b4 exd4 17. Nd5 Ne5 18. b5 Nd3+ 19. Kf1 Qd7 20. bxa6 Nxc1 21.
axb7 Rb8 22. Bxc1 c5 23. Qe1 Be7 24. Qg3 Rxb7 25. Qxg7 Rf8 26. Kf2 d3 27. Nec3
d2 28. Bxd2 Rb2 29. Ne4 f5 30. Qxb2 fxe4 31. Qb8+ 1-0

[Event "5ème Open de St Chély d'Aubrac"]
[Site "St-Chély d'Aubrac"]
[Date "2005.07.14"]
[Round "7.5"]
[White "Riff, Sebastien"]
[Black "Desboeufs, Alexandre"]
[Result "1/2-1/2"]
[WhiteElo "2216"]
[BlackElo "2052"]
[PlyCount "48"]

1. e4 e6 2. d4 d5 3. Nd2 c5 4. exd5 exd5 5. Bb5+ Nc6 6. Qe2+ Qe7 7. dxc5 Bf5 8.
c3 Qxe2+ 9. Nxe2 Bxc5 10. Nb3 Bb6 11. Bf4 Nge7 12. Ned4 Bg6 13. O-O-O O-O 14.
Rhe1 Rfd8 15. Bg5 f6 16. Nxc6 Nxc6 17. Be3 d4 18. Nxd4 Nxd4 19. Bxd4 Bxd4 20.
Rxd4 Rxd4 21. cxd4 Rc8+ 22. Kd1 a6 23. Ba4 Rd8 24. Bb3+ Kf8 1/2-1/2

[Event "5ème Open de St Chély d'Aubrac"]
[Site "St-Chély d'Aubrac"]
[Date "2005.07.14"]
[Round "7.6"]
[White "Nass, Emile"]
[Black "Chaplin, Erik"]
[Result "0-1"]
[WhiteElo "1984"]
[BlackElo "2148"]
[PlyCount "48"]

1. d4 d5 2. c4 e6 3. Nf3 c5 4. cxd5 exd5 5. Nc3 Nc6 6. e3 Nf6 7. Be2 c4 8. O-O
Bf5 9. Ne5 Bd6 10. Nxc6 bxc6 11. e4 Nxe4 12. Nxe4 Bxe4 13. Bxc4 dxc4 14. Re1 f5
15. f3 Qh4 16. g3 Bxg3 17. hxg3 Qxg3+ 18. Kh1 O-O 19. fxe4 fxe4 20. Be3 Qh3+
21. Kg1 Rf6 22. Re2 Rg6+ 23. Kf2 Qg3+ 24. Kf1 Rf8+ 0-1

[Event "5ème Open de St Chély d'Aubrac"]
[Site "St-Chély d'Aubrac"]
[Date "2005.07.14"]
[Round "7.7"]
[White "Colandrea, Sauveur"]
[Black "Vidalinc, Jean-Louis"]
[Result "1/2-1/2"]
[WhiteElo "1874"]
[BlackElo "1986"]
[PlyCount "33"]

1. e4 e6 2. d4 d5 3. Nd2 Be7 4. Ngf3 Nf6 5. Bd3 c5 6. exd5 exd5 7. dxc5 O-O 8.
Nb3 Nbd7 9. Be3 Qc7 10. O-O Nxc5 11. Nxc5 Bxc5 12. Bg5 Ne4 13. Be3 Bg4 14. Bxc5
Qxc5 15. Be2 Rfe8 16. Nd4 Bxe2 17. Nxe2 1/2-1/2

[Event "5ème Open de St Chély d'Aubrac"]
[Site "St-Chély d'Aubrac"]
[Date "2005.07.14"]
[Round "7.8"]
[White "Soyer, Jean-Yves"]
[Black "Tassetti, Matthieu"]
[Result "1/2-1/2"]
[WhiteElo "2146"]
[BlackElo "1956"]
[PlyCount "37"]

1. c4 g6 2. e4 Bg7 3. d4 d6 4. Nf3 e5 5. dxe5 dxe5 6. Qxd8+ Kxd8 7. Nc3 f6 8.
Be3 c6 9. O-O-O+ Nd7 10. g4 Kc7 11. g5 Bf8 12. gxf6 Ngxf6 13. Ng5 Nc5 14. Nf7
Rg8 15. Nxe5 Ncxe4 16. Nxe4 Nxe4 17. f3 Bc5 18. Bxc5 Nxc5 19. h4 1/2-1/2

[Event "5ème Open de St Chély d'Aubrac"]
[Site "St-Chély d'Aubrac"]
[Date "2005.07.14"]
[Round "7.9"]
[White "Capron, Daniel"]
[Black "Lengert, Martin"]
[Result "0-1"]
[WhiteElo "2070"]
[BlackElo "1913"]
[PlyCount "32"]

1. e4 e6 2. Nf3 d5 3. e5 c5 4. b4 cxb4 5. d4 Nc6 6. a3 f6 7. axb4 Bxb4+ 8. c3
Be7 9. Bd3 a6 10. O-O b5 11. Bxb5 Bb7 12. Bd3 Nh6 13. exf6 Bxf6 14. Qe2 Bc8 15.
Ng5 Bxg5 16. Qh5+ Nf7 0-1

[Event "5ème Open de St Chély d'Aubrac"]
[Site "St-Chély d'Aubrac"]
[Date "2005.07.14"]
[Round "7.10"]
[White "Duffau, Pascal"]
[Black "Ballandras, Marc"]
[Result "1-0"]
[WhiteElo "2038"]
[BlackElo "1810"]
[PlyCount "71"]

1. Nf3 Nf6 2. c4 g6 3. Nc3 Bg7 4. e4 d6 5. d4 O-O 6. Be2 e5 7. O-O Nc6 8. d5
Ne7 9. b4 Nh5 10. Nd2 Nf4 11. c5 f5 12. f3 g5 13. Nc4 Rf6 14. cxd6 cxd6 15. Rf2
h5 16. Bf1 g4 17. Rc2 Rg6 18. Kh1 Bd7 19. a4 Kh8 20. Nb5 Bxb5 21. axb5 gxf3 22.
gxf3 Bh6 23. Be3 Qg8 24. Rxa7 Rxa7 25. Bxa7 fxe4 26. fxe4 Nc8 27. Bf2 Ng2 28.
Qxh5 Nf4 29. Qf3 Qg7 30. Bh3 Nxh3 31. Qxh3 Ne7 32. Ne3 Kg8 33. Nf5 Nxf5 34.
Qxf5 Bf4 35. Rc8+ Kh7 36. Rf8 1-0

[Event "5ème Open de St Chély d'Aubrac"]
[Site "St-Chély d'Aubrac"]
[Date "2005.07.14"]
[Round "7.11"]
[White "Chokbengboun, Thomas"]
[Black "Gaftarnik, Olivier"]
[Result "1-0"]
[WhiteElo "1900"]
[BlackElo "1965"]
[PlyCount "63"]

1. d4 Nf6 2. c4 g6 3. Nc3 d5 4. e3 Bg7 5. Nf3 O-O 6. cxd5 Nxd5 7. Bc4 Nxc3 8.
bxc3 c5 9. O-O Nc6 10. Rb1 cxd4 11. cxd4 b6 12. Qa4 Bf5 13. Ra1 Na5 14. Ba6 Bc8
15. Be2 Qd5 16. Ba3 Bd7 17. Qb4 Rfd8 18. Ne5 Rac8 19. Bf3 Qe6 20. Qxe7 Bxe5 21.
dxe5 Nc4 22. Bd6 Nd2 23. Qxe6 Bxe6 24. Rfd1 Nxf3+ 25. gxf3 Kg7 26. Kg2 Rc2 27.
a3 Rdc8 28. Be7 Kh6 29. Rd4 R2c4 30. Rad1 Rxd4 31. Rxd4 Kg7 32. Bf6+ 1-0

[Event "5ème Open de St Chély d'Aubrac"]
[Site "St-Chély d'Aubrac"]
[Date "2005.07.14"]
[Round "7.12"]
[White "Lengert, Vincent"]
[Black "Laine, Patrice"]
[Result "0-1"]
[WhiteElo "1710"]
[BlackElo "2082"]
[PlyCount "72"]

1. Nf3 d5 2. g3 Nf6 3. d3 c5 4. c3 Nc6 5. Bg5 e5 6. Bg2 Be7 7. Nbd2 O-O 8. Qa4
Ne8 9. h4 f6 10. Be3 d4 11. cxd4 cxd4 12. Bf4 exf4 13. gxf4 Be6 14. Nb3 Bb4+
15. Nbd2 Rc8 16. Bh3 Qd7 17. Bxe6+ Qxe6 18. a3 Bxd2+ 19. Kxd2 Qd6 20. e3 Kh8
21. Rac1 Nc7 22. Nxd4 Nxd4 23. Qxd4 Qxd4 24. exd4 Ne6 25. Ke3 Rfe8 26. Rc4 Ng5+
27. Kd2 Nf3+ 28. Kc3 Kg8 29. Kb4 Rxc4+ 30. Kxc4 Rd8 31. d5 Kf7 32. Rh3 Rc8+ 33.
Kb4 Nd4 34. Rg3 Nf5 35. Rg4 h5 36. Rg1 Rc2 0-1

[Event "5ème Open de St Chély d'Aubrac"]
[Site "St-Chély d'Aubrac"]
[Date "2005.07.14"]
[Round "7.13"]
[White "Lagunes, Robin"]
[Black "Rosenfeld, Imre"]
[Result "1/2-1/2"]
[WhiteElo "1560"]
[BlackElo "2047"]
[PlyCount "37"]

1. d4 e6 2. c4 d5 3. Nc3 Nf6 4. Bg5 Nbd7 5. cxd5 exd5 6. Nf3 c6 7. e3 Be7 8.
Bd3 O-O 9. Qc2 Re8 10. O-O Nf8 11. Rac1 Ng6 12. Ne5 Ne4 13. Bxe7 Qxe7 14. Nxg6
hxg6 15. Nxe4 dxe4 16. Bc4 Be6 17. Qxe4 Qd6 18. Bxe6 Rxe6 19. Qc2 1/2-1/2

[Event "5ème Open de St Chély d'Aubrac"]
[Site "St-Chély d'Aubrac"]
[Date "2005.07.14"]
[Round "7.14"]
[White "Lagunes, Matthieu"]
[Black "Ritzenthaler, Stephane"]
[Result "1/2-1/2"]
[WhiteElo "1780"]
[BlackElo "2037"]
[PlyCount "65"]

1. d4 Nf6 2. c4 c5 3. d5 b5 4. cxb5 a6 5. Nc3 g6 6. e4 d6 7. h3 Bg7 8. f4 Bb7
9. Nf3 O-O 10. Be2 axb5 11. Bxb5 Qa5 12. Bd3 c4 13. Bc2 Nfd7 14. Bd2 Qb6 15.
Qc1 Nc5 16. Be3 Qb4 17. O-O Nbd7 18. Bd4 Rfb8 19. Bxg7 Kxg7 20. Rb1 Nf6 21. Kh2
Rc8 22. f5 Nd3 23. Qd2 Ba6 24. Nd4 Ne5 25. fxg6 hxg6 26. Qg5 Kf8 27. Rxf6 exf6
28. Qxf6 Kg8 29. Rf1 Qxb2 30. Rf4 Qxc3 31. Rh4 Nf3+ 32. gxf3 Qd2+ 33. Kg1
1/2-1/2

[Event "5ème Open de St Chély d'Aubrac"]
[Site "St-Chély d'Aubrac"]
[Date "2005.07.14"]
[Round "7.15"]
[White "Boulier, Rene"]
[Black "Dury, Renaud"]
[Result "1-0"]
[WhiteElo "1996"]
[BlackElo "1770"]
[PlyCount "123"]

1. e4 c6 2. c4 d5 3. cxd5 cxd5 4. e5 Bf5 5. d4 e6 6. Nc3 Ne7 7. Bg5 Nbc6 8. Nb5
Qa5+ 9. Bd2 Qb6 10. Nd6+ Kd7 11. Bc3 Bg6 12. Bd3 Nc8 13. Bxg6 Nxd6 14. Bc2 Nb5
15. Ne2 Be7 16. O-O g6 17. Rb1 h5 18. a4 Nc7 19. Qd2 a5 20. Rfd1 Rh7 21. Nc1
Na6 22. Bd3 Nab4 23. Bb5 Kd8 24. b3 Na7 25. Be2 Nac6 26. Bb5 Na7 27. Bf1 Nac6
28. Ne2 Ke8 29. Ba1 Na6 30. Qe3 Kf8 31. Nf4 Nc7 32. Qf3 Kg8 33. Qg3 Rg7 34.
Rbc1 Bf8 35. Rc3 Ne7 36. Rdc1 Nf5 37. Qd3 Na6 38. Ne2 Nb4 39. Qd2 Nc6 {(=)} 40.
Rf3 Be7 41. h3 Rh7 42. g3 Bf8 43. Qb2 Be7 44. Rd3 Kg7 45. Qd2 Nb4 46. Rdc3 Nc6
47. Rf3 Ba3 48. Rd1 Bb4 49. Qb2 Be7 50. Nf4 Rg8 51. Bb5 Na7 52. Bd3 Nc6 53.
Bxf5 gxf5 54. h4 Kf8 55. Kh2 Ke8 56. Rc1 Kd7 57. Nd3 Rg4 58. Qc2 Ke8 59. Nf4
Kd7 60. Nxd5 Qa7 61. Ne3 Rg8 62. Nxf5 1-0

[Event "5ème Open de St Chély d'Aubrac"]
[Site "St-Chély d'Aubrac"]
[Date "2005.07.14"]
[Round "7.16"]
[White "Rabier, Jean"]
[Black "Lassis, Patrick"]
[Result "1/2-1/2"]
[WhiteElo "1985"]
[BlackElo "1710"]
[PlyCount "80"]

1. d4 Nf6 2. Nc3 d5 3. e4 dxe4 4. f3 e3 5. Bxe3 e6 6. Bd3 Bb4 7. Nge2 Nd5 8.
Qd2 Nxe3 9. Qxe3 Nc6 10. O-O O-O 11. f4 Bxc3 12. bxc3 f5 13. Rf3 Rf6 14. Rh3
Bd7 15. Rf1 Ne7 16. c4 Bc6 17. Ng3 Qd7 18. c3 Raf8 19. Re1 R8f7 20. Bf1 Nc8 21.
Nh1 Nd6 22. Nf2 Ne4 23. Nd3 Qe8 24. Ne5 Rf8 25. Be2 Nd6 26. Bf3 Bxf3 27. Qxf3
Ne4 28. Rxe4 fxe4 29. Qxe4 g6 30. g3 Qa4 31. Qe2 Qa3 32. Qc2 Qe7 33. Ng4 Rf5
34. Nh6+ Kg7 35. Nxf5+ Rxf5 36. Qe4 Ra5 37. d5 Qc5+ 38. Kf1 Rxa2 39. Qe5+ Kg8
40. Qxe6+ Kg7 1/2-1/2

[Event "5ème Open de St Chély d'Aubrac"]
[Site "St-Chély d'Aubrac"]
[Date "2005.07.14"]
[Round "7.17"]
[White "Schmitt, Claude"]
[Black "Luc, Rene"]
[Result "1-0"]
[WhiteElo "2040"]
[BlackElo "1690"]
[PlyCount "71"]

1. c4 e5 2. Nc3 Nf6 3. g3 c6 4. d4 d6 5. Bg2 exd4 6. Qxd4 Be7 7. Nf3 Nbd7 8.
O-O Nf8 9. b3 Ne6 10. Qd2 Bd7 11. Bb2 Qc7 12. Rfd1 Rd8 13. Rac1 Qb8 14. e4 Bc8
15. Qe2 O-O 16. Rd2 Nd7 17. Rcd1 Ne5 18. Ne1 Nc5 19. h3 Be6 20. f4 Qc8 21. fxe5
Bxh3 22. exd6 Bg5 23. Rd4 Bxg2 24. Kxg2 Ne6 25. R4d3 Nc5 26. Rf3 Rfe8 27. e5
Re6 28. Ne4 Nxe4 29. Qxe4 f6 30. c5 fxe5 31. Qc4 Kh8 32. d7 Rxd7 33. Rxd7 Re8
34. Qf7 Bh6 35. Bxe5 Rg8 36. Nd3 1-0

[Event "5ème Open de St Chély d'Aubrac"]
[Site "St-Chély d'Aubrac"]
[Date "2005.07.14"]
[Round "7.18"]
[White "Weigel, Marie"]
[Black "De Biasi, Robert"]
[Result "1/2-1/2"]
[WhiteElo "1600"]
[BlackElo "1895"]
[PlyCount "121"]

1. d4 Nf6 2. Nf3 e6 3. Bf4 b6 4. e3 Bb7 5. c4 Bb4+ 6. Nc3 O-O 7. a3 Bxc3+ 8.
bxc3 d6 9. Bd3 Nbd7 10. Nd2 Re8 11. Qc2 Nf8 12. O-O Nh5 13. Bg3 Ng6 14. a4 a5
15. Be4 d5 16. cxd5 exd5 17. Bf3 Nxg3 18. hxg3 Rb8 19. c4 dxc4 20. Bxb7 Rxb7
21. Qxc4 Qe7 22. Qb5 Rbb8 23. Rfc1 Rbc8 24. Rc3 Qd8 25. Rac1 Re7 26. Nc4 Rb8
27. Na3 Nf8 28. Qc6 h6 29. Nb5 Ne6 30. f4 g6 31. Qf3 Kg7 32. Na7 Qd7 33. Nc6
Ree8 34. Nxb8 Rxb8 35. g4 Qxa4 36. f5 Ng5 37. Qd5 Qe8 38. fxg6 Kxg6 39. Qf5+
Kg7 40. Qf4 c5 41. dxc5 bxc5 42. Rxc5 Ne6 43. Qe5+ f6 44. Rc7+ Kg8 45. Qxf6
Nxc7 46. Rxc7 Qxe3+ 47. Kh2 Qg5 48. Qe6+ $4 (48. Qf7+ Kh8 49. Qh7#) 48... Kh8
49. Kh3 Rg8 50. Rc6 h5 51. Qh6+ Qxh6 52. Rxh6+ Kg7 53. Rxh5 Ra8 54. Rc5 a4 55.
Rc2 a3 56. Ra2 Kg6 57. Kh4 Ra4 58. Kg3 Kg5 59. Kh3 Ra6 60. Kg3 Ra4 61. Kh3
1/2-1/2

[Event "5ème Open de St Chély d'Aubrac"]
[Site "St-Chély d'Aubrac"]
[Date "2005.07.14"]
[Round "7.19"]
[White "Richard, Emma"]
[Black "Casasnovas, Vincent"]
[Result "0-1"]
[WhiteElo "1870"]
[BlackElo "1530"]
[PlyCount "46"]

1. d4 d6 2. Nf3 Nf6 3. c4 c6 4. Nc3 Nbd7 5. e4 e5 6. Be2 Be7 7. O-O O-O 8. Re1
Re8 9. Bf1 exd4 10. Nxd4 Bf8 11. b4 a6 12. a4 c5 13. bxc5 Nxc5 14. f3 Bd7 15.
Bg5 Ne6 16. Bxf6 Qxf6 17. Nxe6 Bxe6 18. Nd5 Qd8 19. Rb1 Rb8 20. Re3 Bxd5 21.
cxd5 Qa5 22. Ra3 Qc5+ 23. Kh1 Qxa3 0-1

[Event "5ème Open de St Chély d'Aubrac"]
[Site "St-Chély d'Aubrac"]
[Date "2005.07.14"]
[Round "7.20"]
[White "Perrin, Yannick"]
[Black "Baudry, Alain"]
[Result "0-1"]
[WhiteElo "1720"]
[BlackElo "1785"]
[PlyCount "104"]

1. e4 g6 2. Nf3 d6 3. Bc4 Bg7 4. Nc3 Nf6 5. d4 O-O 6. O-O Bg4 7. h3 Bd7 8. Bg5
Nc6 9. Re1 Na5 10. Bb3 Nxb3 11. axb3 a6 12. Qd2 Rc8 13. Rad1 Ne8 14. Nd5 f6 15.
Bh6 c6 16. Nc3 Qa5 17. Bxg7 Nxg7 18. e5 fxe5 19. dxe5 d5 20. Na4 Qxd2 21. Rxd2
Bxh3 22. gxh3 Rxf3 23. Kg2 Rf7 24. Nc5 e6 25. Re3 Rcf8 26. Rg3 b6 27. Nxa6 Nh5
28. Re3 c5 29. b4 Ra8 30. b5 Raf8 31. Re1 Ng7 32. Rf1 Nf5 33. c3 Nh4+ 34. Kg3
g5 35. b3 Rf3+ 36. Kh2 Rxc3 37. Nc7 Nf3+ 38. Kg2 Nxd2 39. Rd1 Nxb3 40. Nxe6 Rf5
41. Rxd5 Rc2 42. Kg3 Rcxf2 43. Nxg5 Nd4 44. Rd6 Re2 45. h4 Rexe5 46. Rxb6 c4
47. Rb8+ Kg7 48. b6 Rb5 49. Rb7+ Kg6 50. Ne4 Rb3+ 51. Kg4 c3 52. Rb8 h5+ 0-1

[Event "5ème Open de St Chély d'Aubrac"]
[Site "St-Chély d'Aubrac"]
[Date "2005.07.14"]
[Round "7.21"]
[White "Grezes, Yves"]
[Black "Gazel, Bruno"]
[Result "1/2-1/2"]
[WhiteElo "1760"]
[BlackElo "1550"]
[PlyCount "57"]

1. e4 c6 2. d4 d5 3. Nc3 dxe4 4. Nxe4 Nd7 5. Nf3 Ngf6 6. Ng3 e6 7. Bd3 Bd6 8.
Qe2 Qc7 9. O-O O-O 10. c4 c5 11. Bd2 b6 12. Rac1 Bb7 13. dxc5 bxc5 14. Bc3 Bxf3
15. gxf3 Ne5 16. Bb1 Ned7 17. Rcd1 Rad8 18. Rd2 Be5 19. Rc2 Bxc3 20. Rxc3 Ne5
21. Re1 Ng6 22. Bxg6 hxg6 23. a3 a5 24. Rb3 Rb8 25. Rb5 Rxb5 26. cxb5 a4 27.
Qc4 Qa5 28. Rc1 Rb8 29. Qxc5 1/2-1/2

[Event "5ème Open de St Chély d'Aubrac"]
[Site "St-Chély d'Aubrac"]
[Date "2005.07.14"]
[Round "7.22"]
[White "Lepere, Philippe"]
[Black "Sidibe, Malika"]
[Result "0-1"]
[WhiteElo "1740"]
[BlackElo "1730"]
[PlyCount "70"]

1. d4 d5 2. Nf3 Nf6 3. h3 e6 4. Bf4 Nbd7 5. e3 Be7 6. Nbd2 O-O 7. Be2 c5 8. c3
b6 9. O-O Bb7 10. Rc1 Bc6 11. Bh2 Rc8 12. Ba6 Ra8 13. Bd3 b5 14. Bb1 Re8 15.
Qc2 c4 16. Ne5 Bb7 17. f4 Nb6 18. f5 exf5 19. Rxf5 g6 20. Rcf1 Bc8 21. Rg5 Be6
22. Nxg6 hxg6 23. Rxg6+ fxg6 24. Qxg6+ Kf8 25. Be5 Nbd7 26. Qh7 Nxe5 27. dxe5
Bg8 28. Qh6+ Kf7 29. Nf3 Bc5 30. Ng5+ Ke7 31. Qxf6+ Kd7 32. Qf4 Rf8 33. Bf5+
Kc6 34. e6 Rxf5 35. Qxf5 Bxe3+ 0-1

[Event "5ème Open de St Chély d'Aubrac"]
[Site "St-Chély d'Aubrac"]
[Date "2005.07.14"]
[Round "7.23"]
[White "Trzesniower, Jacques"]
[Black "Mathieu, Paul"]
[Result "0-1"]
[WhiteElo "1430"]
[BlackElo "1860"]
[PlyCount "104"]

1. Nf3 Nf6 2. g3 g6 3. Bg2 Bg7 4. O-O O-O 5. d3 d5 6. Nbd2 Nc6 7. e4 dxe4 8.
dxe4 Bg4 9. h3 Bxf3 10. Bxf3 Nd4 11. Bg2 c6 12. c3 Ne6 13. Qe2 Nc5 14. Rd1 Qc7
15. a4 a5 16. Qc4 Ncd7 17. Rb1 Ne5 18. Qe2 Rfd8 19. b3 Qd6 20. Bb2 Qc5 21. Kh1
Nd3 22. Kg1 Nxb2 23. Rxb2 Qxc3 24. Rbb1 Qb4 25. Nc4 Rxd1+ 26. Qxd1 Qc5 27. Rc1
Qa7 28. Ne3 Bh6 29. Rc3 Bxe3 30. Rxe3 Qb6 31. Rd3 e6 32. Qf3 Rd8 33. Qd1 Rxd3
34. Qxd3 Qc7 35. Qc3 Nd7 36. Kf1 Qe5 37. Qxe5 Nxe5 38. Ke2 Kf8 39. Ke3 Ke7 40.
Kd4 Nd7 41. e5 f6 42. f4 fxe5+ 43. fxe5 c5+ 44. Ke4 Nb6 45. Bf1 c4 46. Bxc4
Nxc4 47. bxc4 Kd7 48. Kd4 b6 49. c5 Kc6 50. cxb6 Kxb6 51. g4 g5 52. Kd3 $4 Kc5
0-1

[Event "5ème Open de St Chély d'Aubrac"]
[Site "St-Chély d'Aubrac"]
[Date "2005.07.14"]
[Round "7.24"]
[White "Wavresky, Andre"]
[Black "Karsenty, Madeleine"]
[Result "1/2-1/2"]
[WhiteElo "1570"]
[BlackElo "1380"]
[PlyCount "60"]

1. e4 e5 2. Nf3 d6 3. d4 exd4 4. Qxd4 Nf6 5. Nc3 Be7 6. h3 O-O 7. Bc4 Nc6 8.
Qd3 Bd7 9. a3 Ne5 10. Nxe5 dxe5 11. Bg5 c6 12. O-O-O Qc8 13. Bxf6 Bxf6 14. Qxd7
Bg5+ 15. Kb1 b5 16. Qxc8 Raxc8 17. Ba2 Rb8 18. Rd7 b4 19. axb4 Rxb4 20. Rxa7
Bd2 21. Na4 Rxe4 22. Nc5 Re2 23. Nd3 e4 24. Ne5 Rxf2 25. Nxc6 e3 26. Rd7 Re2
27. Bc4 Rxg2 28. Ne5 Rf2 29. Nd3 Rg2 30. Ne1 Rf2 1/2-1/2